000 00939cam a22003133a 4500
001 2181
003 PGUSA
005 20140828083011.0
008 060226s2006||||xxu|||||s|||||000 1 eng d
040 _aPGUSA
_beng
042 _adc
050 4 _aPS
100 1 _aHawthorne, Nathaniel,
_d1804-1864
245 1 4 _aThe Marble Faun; Or, The Romance of Monte Beni - Volume 1
_h[electronic resource] /
_cNathaniel Hawthorne
260 _bProject Gutenberg,
_c2006
506 _aPublic domain in the USA.
516 _aElectronic text
653 _aLove stories
653 _aRome (Italy) -- Fiction
653 _aPsychological fiction
653 _aMurder -- Fiction
653 _aWomen art students -- Fiction
653 _aArtists -- Fiction
653 _aNobility -- Fiction
653 _aAmericans -- Italy -- Fiction
830 0 _aProject Gutenberg
_v2181
856 4 0 _uhttp://www.gutenberg.org/ebooks/2181
942 _cEB
999 _c231519
_d231519